| 000 | 00927nac a22002171u 4500 | ||
|---|---|---|---|
| 010 | _a 93002343 | ||
| 020 | _a0486277453 (pbk.) : | ||
| 082 | 0 | 0 |
_a639.412 _bKUN |
| 090 |
_c7368 _d7368 |
||
| 100 | _aKunz, George Frederick | ||
| 245 | 1 | 4 |
_aThe book of the pearl : _bthe history, art, science, and industry of the queen of gems / _cGeorge Frederick Kunz and Charles Hugh Stevenson. |
| 260 |
_aNew York : _bDover Publications,c.1993. _cc.1993. |
||
| 300 |
_axix, 548 p. [49] p. of plates : _bill. ; _c24 cm. |
||
| 500 | _a"An unabridged republication of the work originally published by the Century Co., New York, in 1908"--T.p. verso. | ||
| 500 | _aDistributer: Al-Ahram. | ||
| 504 | _aIncludes bibliographical references (p. 517-538) and index. | ||
| 511 | _aCatalogued By: Mahitab. | ||
| 650 | 0 | _aPearls. | |
| 700 | 1 |
_aStevenson, Charles Hugh, _d1869-1943. |
|
| 942 |
_cBB _k639.412KUN |
||
| 999 |
_c7368 _d7368 |
||